Paternity in the classical polyandrous black coucal (Centropus grillii)--a cuckoo accepting cuckoldry ? /
Shranjeno v:
| Drugi avtorji: | , , , , |
|---|---|
| Format: | Bài viết |
| Jezik: | English |
| Teme: | |
| Oznake: |
Označite
Brez oznak, prvi označite!
|
| Thư viện lưu trữ: | Thư viện Trường Đại học Đà Lạt |
|---|
| LEADER | 01047nam a2200349 4500 | ||
|---|---|---|---|
| 001 | DLU110117009 | ||
| 005 | ##20101221 | ||
| 040 | # | # | |a DLU |b eng |
| 041 | # | # | |a eng |
| 044 | # | # | |a uk |
| 245 | # | # | |a Paternity in the classical polyandrous black coucal (Centropus grillii)--a cuckoo accepting cuckoldry ? / |c Christina Muck ... [et al.]. |
| 653 | # | # | |a African black coucal |
| 653 | # | # | |a Home range |
| 653 | # | # | |a Paternal care |
| 653 | # | # | |a Paternity |
| 653 | # | # | |a Polyandry |
| 653 | # | # | |a Sex-role reversal |
| 700 | # | # | |a Goymann, Wolfgang. |
| 700 | # | # | |a Kempenaers, Bart. |
| 700 | # | # | |a Kuhn, Sylvia. |
| 700 | # | # | |a Muck, Christina. |
| 700 | # | # | |a Valcu, Mihai. |
| 773 | # | # | |t Behavioral ecology |g Vol. 20, no. 6 (November-December 2009), p. 1185-1193 |
| 920 | # | # | |a Phòng Tạp chí -- Trung tâm Thông tin - Thư viện Trường Đại học Đà Lạt |
| 994 | # | # | |a DLU |
| 900 | # | # | |a True |
| 911 | # | # | |a Trương Bảo Trâm Anh |
| 925 | # | # | |a G |
| 926 | # | # | |a A |
| 927 | # | # | |a BB |
| 980 | # | # | |a Thư viện Trường Đại học Đà Lạt |